000 00616nam a2200229Ia 4500
005 20260115173546.0
008 008 260114s9999 xx 000 0 eng d
020 _a9781776141753
037 _aEBOOK
040 _aCRL
_beng
_cCRL
041 _aeng
_2eng
084 _qCRL
100 _aChisholm
_9888109
245 0 _aBetween Worlds
260 _bCambridge University Press
260 _bWits University Press
260 _c2018
650 _aHistory
_9888110
856 _uhttps://www.cambridge.org/core/product/identifier/9781776141753/type/BOOK
942 _cEBOOK
999 _c1485755
_d1485755